书目信息 |
| 题名: |
脑的高级功能与神经网络
|
|
| 作者: | 黄秉宪 | |
| 分册: | ||
| 出版信息: | 北京 科学出版社 2000 |
|
| 页数: | 281 | |
| 开本: | 20cm | |
| 丛书名: | ||
| 单 册: | ||
| 中图分类: | Q426 | |
| 科图分类: | ||
| 主题词: | 神经生理学 | |
| 电子资源: | ||
| ISBN: | 7-03-008201-X | |
| 000 | 00528nam0 2200181 450 | |
| 001 | 0741144344 | |
| 005 | 20070817112544.34 | |
| 010 | @a7-03-008201-X@d¥20.00 | |
| 100 | @a20070817d km y0chiy0120 ea | |
| 101 | 0 | @achi |
| 200 | 1 | @a脑的高级功能与神经网络@Anao de gao ji gong neng yu shen jing wang luo@f黄秉宪@Fhuang bing xian |
| 210 | @a北京@c科学出版社@d2000 | |
| 215 | @a281@d20cm | |
| 606 | 0 | @a神经生理学 |
| 690 | @aQ426@v3 | |
| 701 | 0 | @a黄秉宪@Ahuang bing xian |
| 801 | 0 | @aCN@bPFT@c20070817 |
| 905 | @a213230@dQ426@en1@f1 | |
| 脑的高级功能与神经网络/黄秉宪.-北京:科学出版社,2000 |
| 281;20cm |
| ISBN 7-03-008201-X:¥20.00 |
| ● |
| 相关链接 |
|
|
|
|
正题名:脑的高级功能与神经网络
索取号:Q426/n1
 
预约/预借
| 序号 | 登录号 | 条形码 | 馆藏地/架位号 | 状态 | 备注 |
| 1 | 6600159 | 266001596 | 密集书库-生命科学系/ [索取号:Q426/n1] | 在馆 |